000 00265nam a2200121Ia 4500
008 190216s9999||||xx |||||||||||||| ||und||
100 _aNcert
245 0 _aScience For Middle Schools
260 _bNull
_c1967
300 _a124 p
650 _aPhysics
942 _cBK
999 _c32759
_d32759